000 01071nam a22003497a 4500
003 CHAP
005 20220901152818.0
008 971013s1958 r 00010 d
010 _a19931
011 _a20903
035 _a24992
040 _cCHAP
090 _aTesis
100 0 0 _aAngeles Arrieta, Hermilo Hugo.
_95762
245 _aHerencia de la longitud de la mazorca en maíz
260 _aChapingo, Méx., :
_bEl autor,
_c1958
300 _a29 h.
_b: ilus
500 _a1c en microficha
502 _aTesis (Ing. Agr. Esp. en Fitotecnia) -- ENA. Departamento de Fitotecnia
590 _aALEPH
_b10
_c20130110
590 _aBATCH-UPD
_b10
_c20130110
590 _aBATCH-UPD
_b10
_c20130410
590 _aBATCH-UPD
_b10
_c20130914
590 _aCONVERSION
_b10
_c20130109
650 1 4 _aMaíz
_xGenética.
_970963
901 _aBK
942 _cTESIS
_2local
949 _bBC
_cTES
_d-57666
_eTS1
_i24992
_si
949 _bBC
_cTES
_d-66472
_eTS2
_fc.2
_i24992
_si
949 _bBC
_cTES
_d-66473
_eTS2
_fc.3
_i24992
_si
949 _bBC
_cTES
_d-66474
_eBPA
_fc.4
_i24992
_si
999 _c19931
_d19931